| 000 | 00868nam a2200277 a 4500 | ||
|---|---|---|---|
| 001 | 31393 | ||
| 003 | BD-RjUL | ||
| 005 | 20211209051709.0 | ||
| 008 | 140415s1950 enk 001 0 eng d | ||
| 035 | _a(BD-RjUL) 31480 | ||
| 040 |
_aDLC _cCarP _dDLC _dBD-RjUL _beng |
||
| 041 | _aeng | ||
| 082 |
_a270 _bPAH V-9 1950 |
||
| 100 | 1 |
_aPastor, Ludwig, _d1854-1928. [from old catalog] _994339 |
|
| 245 | 0 | 4 |
_aThe history of the popes, from the close of the middle ages / _cLudwig, Pastor _nVolume IX |
| 250 | _a4th ed | ||
| 260 |
_aLondon : _bRoutledge & Kegan Paul, _c1950. |
||
| 300 |
_axxviii,524 p. ; _c23 cm. |
||
| 504 | _aIncludes Index | ||
| 610 |
_aCatholic Church -- History. _9114351 |
||
| 650 | 0 |
_aPapacy _xHistory. _995531 |
|
| 700 | 1 |
_aKerr, Ralph Francis _994371 |
|
| 942 |
_2ddc _cBK |
||
| 999 |
_c31393 _d31393 |
||